Sons de l'album «GOTY EDITION» de Jolagreen23 - Statistiques

Statistiques générales
  • Ce quiz a été pris 12 fois
  • Le résultat moyen est 9 sur 15
Statistiques - réponses
Réponse % Correct
300.000
78%
APPEL D’UN BRO
78%
CR7 MAN UTD
78%
FUMER LE VERT
78%
GUTEN TAG
78%
7.5.0.8 ST LAZARE
67%
KINO DER TOTEN
67%
RENAULT SCENIC
67%
DEEPSEEK
56%
M4SHERMAN
56%
ENERGIE (KI/CHAKRA)
44%
SMACKDOWN VS RAW2009
44%
1RUE PHILLIPE DE METZ
33%
JOINT DE SEUM
33%
KABUTA (RDA)
11%
Aucun quiz correspondant
Distribution des résultats
% des personnes avec chaque résultat
Percentile par nombre de réponses
Votre historique - résultats
Vous n’avez pas pris ce quiz